Country by Natural Landmark - #1 - Statistics

General Stats
  • This quiz has been taken 92 times
  • The average score is 7 of 16
Answer Stats
Picture Answer % Correct
Japan (Mount Fuji)
100%
Italy/Switzerland (Matterhorn)
81%
Venezuela (Angel Falls)
75%
China (Wulingyuan)
74%
Madagascar (Avenue of the Baobabs)
67%
UK (Giant's Causeway)
65%
Argentina/Brazil (Iguazu Falls)
46%
USA (Devil's Tower)
46%
South Africa (Table Mountain)
39%
Canada (Mount Thor)
38%
Philippines (Chocolate Hills)
26%
New Zealand (Milford Sound)
22%
Mautiania (Eye of the Sahara/Richat Structure)
19%
Australia (Wave Rock)
16%
Iran (Badab-e Surt)
9%
Spain (Las Salinas de Torrevieja)
3%
No matching quizzes found
Score Distribution
Percent of People with Each Score
Percentile by Number Answered
Your Score History
You have not taken this quiz